European countries by FIFA ranking - Statistics

General Stats
  • This quiz has been taken 26 times
  • The average score is 25 of 42
Answers on the Map
Answers color-coded by a green-red scale on the quiz's map according to % correct below.
 
Answer Stats
Answer % Correct
France
100%
Portugal
100%
Spain
100%
Netherlands
95%
Belgium
85%
Germany
85%
Italy
70%
Croatia
65%
Norway
60%
Sweden
60%
Andorra
55%
Austria
55%
Czechia
55%
Denmark
55%
Greece
55%
Hungary
55%
Liechtenstein
55%
Poland
55%
San Marino
55%
Serbia
55%
Slovakia
55%
Slovenia
55%
Switzerland
55%
Albania
50%
Belarus
50%
Bulgaria
50%
Estonia
50%
Finland
50%
Iceland
50%
Ireland
50%
Kosovo
50%
Latvia
50%
Lithuania
50%
Luxembourg
50%
Malta
50%
Moldova
50%
Montenegro
50%
North Macedonia
50%
Romania
50%
Russia
50%
Ukraine
50%
Bosnia and Herzegovina
45%
No matching quizzes found
Score Distribution
Percent of People with Each Score
Percentile by Number Answered
Your Score History
You have not taken this quiz